000 00414nam a2200133Ia 4500
008 100328s9999 xx 000 0 und d
082 _b51901
100 _aवाळिंबे वि.स.
245 _aवुइ दि नेशन
260 _bमेहता पब्लिशिंग हाऊस
630 _aवुइ दि नेशन
730 _aवुइ दि नेशन
942 _cBOOK
999 _c538797
_d538794